[Event "FIDE World Ch (w)"]
[Site "Nalchik RUS"]
[Date "2008.09.03"]
[Round "2.3"]
[White "Sedina, Elena"]
[Black "Nguyen Thi Thanh An"]
[Result "1-0"]
[WhiteElo "2344"]
[BlackElo "2323"]
[EventDate "2008.08.29"]
[PlyCount "141"]

1.e4 c5 2.Nf3 Nc6 3.Bb5 g6 4.O-O Bg7 5.Re1 Nf6 6.d4 cxd4 7.e5 Nd5 8.Bxc6 
dxc6 9.Qxd4 O-O 10.Qh4 f6 11.Na3 Bf5 12.Bd2 g5 13.Qg3 Qc8 14.c4 Nc7 15.
exf6 exf6 16.Re7 Rf7 17.Rxf7 Kxf7 18.h4 h6 19.Nd4 Bg6 20.c5 Qd7 21.Qb3+ 
Qd5 22.Qxb7 Qxd4 23.Qxc7+ Kg8 24.Bc3 Qxc5 25.Rd1 Rf8 26.Rd6 gxh4 27.Rxc6 
Qg5 28.Rc5 Qg4 29.Rc4 Qd1+ 30.Kh2 Rf7 31.Qb8+ Kh7 32.Rxh4 Qe2 33.f3 Bf8 
34.Nb5 Bd3 35.Nd4 Qf2 36.Rg4 h5 37.Rg3 h4 38.Rg4 f5 39.Rg5 Kh6 40.Qf4 Kh7 
41.Rh5+ Kg8 42.Rg5+ Kh7 43.Rh5+ Kg8 44.Ne6 Qg3+ 45.Qxg3+ hxg3+ 46.Kxg3 
Bd6+ 47.Kf2 Rh7 48.Rxh7 Kxh7 49.Ke3 Bc4 50.Nd4 f4+ 51.Ke4 Bf1 52.Bd2 Bxg2 
53.Bxf4 Bc5 54.Ne6 Bb6 55.Be3 Bxe3 56.Kxe3 Bf1 57.a4 Kg6 58.Ke4 Kf6 59.Nd4
Bc4 60.b4 a6 61.f4 Bf1 62.Kd5 Ke7 63.Ke5 Bc4 64.f5 Kd7 65.Ne6 Ke7 66.Nc5 
Kf7 67.Nb7 Bb3 68.Nd6+ Kf8 69.b5 axb5 70.axb5 Bd1 71.b6 1-0

[Event "FIDE World Ch (w)"]
[Site "Nalchik RUS"]
[Date "2008.09.03"]
[Round "2.4"]
[White "Nguyen Thi Thanh An"]
[Black "Sedina, Elena"]
[Result "0-1"]
[WhiteElo "2323"]
[BlackElo "2344"]
[EventDate "2008.08.29"]
[PlyCount "60"]

1.d4 d5 2.c4 c6 3.Nf3 Nf6 4.Qc2 dxc4 5.e4 b5 6.b3 cxb3 7.axb3 e6 8.Bd3 Bb7
9.O-O Be7 10.Nc3 h6 11.Rd1 Na6 12.Qe2 Nb4 13.Bb1 a6 14.Ba3 Qb6 15.Ne5 Rd8 
16.Qe3 O-O 17.Nd3 a5 18.Nc5 e5 19.Nxb7 exd4 20.Qf3 Qxb7 21.Bxb4 axb4 22.e5
dxc3 23.Rxd8 Rxd8 24.exf6 Bxf6 25.Be4 Qe7 26.Bc2 g6 27.g3 Rd2 28.Ra2 Bd4 
29.Qf4 Qe1+ 30.Kg2 Rxf2+ 0-1

[Event "FIDE World Ch (w)"]
[Site "Nalchik RUS"]
[Date "2008.09.01"]
[Round "2.1"]
[White "Gasik, Anna"]
[Black "Mkrtchian, Lilit"]
[Result "1/2-1/2"]
[WhiteElo "2211"]
[BlackElo "2436"]
[EventDate "2008.08.29"]
[PlyCount "45"]

1.e4 e6 2.d4 d5 3.Nd2 c5 4.exd5 Qxd5 5.Ngf3 cxd4 6.Bc4 Qd6 7.O-O Nf6 8.Nb3
Nc6 9.Nbxd4 Nxd4 10.Nxd4 a6 11.Re1 Qc7 12.Bb3 Bd7 13.Bg5 O-O-O 14.Qf3 Bd6 
15.Re3 Kb8 16.h3 Rhg8 17.Rd1 h6 18.Bh4 Bf4 19.Rc3 Qe5 20.Re3 Qc7 21.Rc3 
Qe5 22.Re3 Qc7 23.Rc3 1/2-1/2

[Event "FIDE World Ch (w)"]
[Site "Nalchik RUS"]
[Date "2008.09.04"]
[Round "3.1"]
[White "Hoang Thanh Trang"]
[Black "Humpy, Koneru"]
[Result "1/2-1/2"]
[WhiteElo "2487"]
[BlackElo "2622"]
[EventDate "2008.08.29"]
[PlyCount "62"]

1.d4 d5 2.Bg5 h6 3.Bh4 c6 4.Nf3 Qb6 5.b3 Bf5 6.e3 e6 7.Bd3 Bxd3 8.Qxd3 Be7
9.Bg3 Nf6 10.Nbd2 c5 11.dxc5 Qxc5 12.O-O O-O 13.c4 Nc6 14.cxd5 Qxd5 15.Qe2
Rfd8 16.Rfd1 Qd3 17.Qxd3 Rxd3 18.Nc4 Rad8 19.Rxd3 Rxd3 20.Nce5 Nxe5 21.
Bxe5 Ne4 22.Bd4 Bf6 23.Bxf6 gxf6 24.Kf1 Nc3 25.Ke1 f5 26.g3 Kg7 27.Nd4 Kf6
28.Ne2 Ke5 29.Nxc3 Rxc3 30.Kd2 Rc6 31.f3 Rd6+ 1/2-1/2

[Event "FIDE World Ch (w)"]
[Site "Nalchik RUS"]
[Date "2008.09.04"]
[Round "3.1"]
[White "Cramling, Pia"]
[Black "Ruan Lufei"]
[Result "1-0"]
[WhiteElo "2544"]
[BlackElo "2499"]
[EventDate "2008.08.29"]
[PlyCount "97"]

1.d4 d5 2.Nf3 c6 3.c4 Nf6 4.Qc2 dxc4 5.Qxc4 Bf5 6.g3 e6 7.Bg2 Nbd7 8.O-O 
Be7 9.e3 O-O 10.Rd1 Rc8 11.Qe2 Ne4 12.Ne1 Bg6 13.Nd3 Qb6 14.Nf4 Nef6 15.
Nc3 e5 16.Nxg6 hxg6 17.d5 Bb4 18.dxc6 bxc6 19.Bd2 Nc5 20.Qc4 Rfe8 21.Rab1 
a5 22.a3 Bxc3 23.Bxc3 a4 24.Bb4 Nb3 25.Rd6 e4 26.Bh3 Rc7 27.Rbd1 Kh7 28.
Bc3 Qb5 29.Qxb5 cxb5 30.Rb6 Rc5 31.Rb7 Nd5 32.Be1 f6 33.Bf1 Re5 34.Bg2 Kh6
35.h4 g5 36.hxg5+ fxg5 37.Bh3 Nf6 38.Bc3 Red5 39.Rxd5 Rxd5 40.Bf1 Rd1 41.
Kg2 Nd5 42.Bxg7+ Kg6 43.Bxb5 Rd2 44.g4 Nxe3+ 45.Kg3 Nc5 46.Ra7 Nf5+ 47.
gxf5+ Kxf5 48.Bc3 Rd1 49.Be2 1-0

[Event "FIDE World Ch (w)"]
[Site "Nalchik RUS"]
[Date "2008.09.04"]
[Round "3.1"]
[White "Gaponenko, Inna"]
[Black "Stefanova, Antoaneta"]
[Result "0-1"]
[WhiteElo "2468"]
[BlackElo "2550"]
[EventDate "2008.08.29"]
[PlyCount "52"]

1.e4 e5 2.Nf3 Nc6 3.Bb5 a6 4.Bxc6 dxc6 5.O-O Qf6 6.h3 Ne7 7.c3 Ng6 8.d4 
Bd6 9.Bg5 Qe6 10.dxe5 Nxe5 11.Nd4 Qg6 12.f4 Bc5 13.Kh1 f6 14.Bh4 Qh6 15.
Bg3 Bxh3 16.Kg1 Bg4 17.Qb3 O-O-O 18.Na3 Nd3 19.Nc2 Be2 20.Qc4 Qg6 21.Kh2 
Qh5+ 22.Kg1 Nxf4 23.Qb3 Bxf1 24.Bxf4 Bd3 25.Be3 Rhe8 26.Ne6 Bxc2 0-1

[Event "FIDE World Ch (w)"]
[Site "Nalchik RUS"]
[Date "2008.09.04"]
[Round "3.1"]
[White "Hou Yifan"]
[Black "Sedina, Elena"]
[Result "1-0"]
[WhiteElo "2557"]
[BlackElo "2344"]
[EventDate "2008.08.29"]
[PlyCount "55"]

1.e4 e6 2.d4 d5 3.Nc3 dxe4 4.Nxe4 Nd7 5.Nf3 Ngf6 6.Nxf6+ Nxf6 7.Bd3 c5 8.
O-O cxd4 9.Nxd4 Be7 10.b3 O-O 11.Bb2 a6 12.Re1 Qc7 13.Qf3 Re8 14.Qh3 e5 
15.Nf5 Bxf5 16.Qxf5 Bd6 17.g3 Rad8 18.Rad1 Qe7 19.Re2 g6 20.Qg5 Kg7 21.Qh4
h6 22.f4 Nd7 23.Qxe7 Rxe7 24.Be4 Nf8 25.Kg2 f6 26.fxe5 fxe5 27.Red2 Red7 
28.Rxd6 1-0

[Event "FIDE World Ch (w)"]
[Site "Nalchik RUS"]
[Date "2008.09.04"]
[Round "3.2"]
[White "Sedina, Elena"]
[Black "Hou Yifan"]
[Result "1-0"]
[WhiteElo "2344"]
[BlackElo "2557"]
[EventDate "2008.08.29"]
[PlyCount "91"]

1.e4 c5 2.Nf3 d6 3.d4 cxd4 4.Qxd4 Nc6 5.Bb5 Nf6 6.Nc3 Bd7 7.Bxc6 bxc6 8.e5
dxe5 9.Nxe5 e6 10.O-O Be7 11.Rd1 Qb6 12.Qc4 Rd8 13.Bg5 h6 14.Be3 Qc7 15.
Nxd7 Rxd7 16.Rxd7 Qxd7 17.Rd1 Nd5 18.Bc5 Qb7 19.Nxd5 exd5 20.Qe2 Kd8 21.
Bd4 Re8 22.Re1 f6 23.Qe3 Qc7 24.b4 f5 25.Bxg7 Rg8 26.Be5 Qb7 27.Qxh6 Qxb4 
28.c3 Qg4 29.Bg3 Rg6 30.Qh8+ Kd7 31.Qb8 Qg5 32.Qc7+ Ke8 33.h4 Qf6 34.h5 
Rg4 35.Bd6 Re4 36.Qxc6+ Kf8 37.Bxe7+ Qxe7 38.Rxe4 Qxe4 39.Qa8+ Ke7 40.
Qxa7+ Kd6 41.Qd4 Qb1+ 42.Kh2 Ke6 43.h6 Qb7 44.Qg7 Qb8+ 45.g3 Qb2 46.Kg2 
1-0

[Event "FIDE World Ch (w)"]
[Site "Nalchik RUS"]
[Date "2008.09.04"]
[Round "3.3"]
[White "Sedina, Elena"]
[Black "Hou Yifan"]
[Result "0-1"]
[WhiteElo "2344"]
[BlackElo "2557"]
[EventDate "2008.08.29"]
[PlyCount "86"]

1.e4 c5 2.Nf3 d6 3.d4 cxd4 4.Qxd4 a6 5.c4 Nc6 6.Qd1 Bg4 7.Be3 g6 8.Nc3 Nf6
9.Nd5 Nxd5 10.cxd5 Ne5 11.Qb3 Bxf3 12.gxf3 Bg7 13.f4 Nd7 14.Bh3 O-O 15.
Qxb7 Nf6 16.Bg2 Ng4 17.O-O e5 18.h3 Nxe3 19.fxe3 exf4 20.exf4 a5 21.Rab1 
Rb8 22.Qc6 Bxb2 23.Kh2 Qe7 24.Qc2 Bd4 25.Rxb8 Rxb8 26.Qa4 Bc3 27.Qc4 Bf6 
28.Rc1 g5 29.e5 dxe5 30.f5 Kg7 31.Rd1 Qd6 32.Qc6 Be7 33.Rc1 e4+ 34.Kh1 Qe5
35.f6+ Bxf6 36.d6 e3 37.d7 e2 38.Re1 Rb1 39.Qxf6+ Qxf6 40.Rxb1 Qd6 41.Re1 
Qxd7 42.Kg1 Qd4+ 43.Kh2 Qd2 0-1

[Event "FIDE World Ch (w)"]
[Site "Nalchik RUS"]
[Date "2008.09.04"]
[Round "3.4"]
[White "Hou Yifan"]
[Black "Sedina, Elena"]
[Result "1-0"]
[WhiteElo "2557"]
[BlackElo "2344"]
[EventDate "2008.08.29"]
[PlyCount "65"]

1.e4 e6 2.d4 d5 3.Nc3 Bb4 4.a3 Bxc3+ 5.bxc3 dxe4 6.Qg4 Nf6 7.Qxg7 Rg8 8.
Qh6 c5 9.Ne2 Nc6 10.Qe3 Qa5 11.Qd2 Bd7 12.Bb2 O-O-O 13.O-O-O Qa4 14.c4 
cxd4 15.Nxd4 e5 16.Nxc6 Bxc6 17.Qe1 Rxd1+ 18.Qxd1 Rd8 19.Qe1 Nd7 20.Be2 f5
21.Qb4 a5 22.Qd6 e3 23.f3 Nb6 24.Qxe5 Rd2 25.Bd3 Nd7 26.Qxe3 Rxg2 27.Re1 
Kb8 28.Qf4+ Ka7 29.Qd4+ Ka6 30.Re8 Nb6 31.c5+ Bb5 32.Qxa4 Bxd3 33.cxb6 1-0

[Event "FIDE World Ch (w)"]
[Site "Nalchik RUS"]
[Date "2008.09.04"]
[Round "3.1"]
[White "Harika, Dronavalli"]
[Black "Mkrtchian, Lilit"]
[Result "1/2-1/2"]
[WhiteElo "2461"]
[BlackElo "2436"]
[EventDate "2008.08.29"]
[PlyCount "165"]

1.Nf3 d5 2.d4 Nf6 3.c4 e6 4.Nc3 Be7 5.Bg5 h6 6.Bxf6 Bxf6 7.Qb3 c6 8.e3 O-O
9.Be2 Nd7 10.O-O dxc4 11.Bxc4 e5 12.d5 b5 13.Be2 Nc5 14.Qc2 b4 15.Nb5 e4 
16.Nfd4 Bxd4 17.Nxd4 Qxd5 18.Rfc1 Nd3 19.Bxd3 exd3 20.Qxc6 Bb7 21.Qxd5 
Bxd5 22.Rd1 Rfc8 23.Rxd3 Rc5 24.f3 Rac8 25.Kf2 Rc1 26.Rxc1 Rxc1 27.Ne2 Rc5
28.a3 bxa3 29.bxa3 Kf8 30.Rc3 Ra5 31.e4 Be6 32.Nd4 Bd7 33.Rb3 Ke7 34.Ke3 
Ra4 35.Nc2 Ra5 36.Nb4 Ba4 37.Rc3 Bd7 38.Nd3 g5 39.Nc5 Bc6 40.Kd4 f6 41.g3 
Kd6 42.f4 Rb5 43.Nd3 gxf4 44.gxf4 Rh5 45.e5+ fxe5+ 46.Nxe5 Bh1 47.Rg3 Rxh2
48.Rg6+ Ke7 49.Rg7+ Ke6 50.Rxa7 h5 51.Rh7 Rd2+ 52.Ke3 Ra2 53.Rh6+ Ke7 54.
Ra6 Ra1 55.Ng6+ Kf7 56.f5 Rf1 57.Nh4 Bd5 58.Ra5 Bh1 59.Ke2 Rf4 60.Ng6 Re4+
61.Kf2 Kf6 62.Kg3 Rg4+ 63.Kh2 Be4 64.Ne5 Rg2+ 65.Kh3 Rd2 66.Kh4 Bxf5 67.
Nf3 Rd3 68.Ra6+ Ke7 69.Ne5 Rd6 70.Ra5 Ke6 71.Nf3 Bg4 72.Ng5+ Kd7 73.Ra7+ 
Kc6 74.Nf7 Rd4 75.Kg5 Kb6 76.Re7 Rd3 77.Ne5 Rd5 78.Kf4 Rd4+ 79.Ke3 Ra4 80.
Kd2 Kc5 81.Rg7 Rxa3 82.Nxg4 hxg4 83.Rg5+ 1/2-1/2

[Event "FIDE World Ch (w)"]
[Site "Nalchik RUS"]
[Date "2008.09.04"]
[Round "3.2"]
[White "Mkrtchian, Lilit"]
[Black "Harika, Dronavalli"]
[Result "1-0"]
[WhiteElo "2436"]
[BlackElo "2461"]
[EventDate "2008.08.29"]
[PlyCount "83"]

1.e4 c5 2.Nf3 d6 3.d4 cxd4 4.Nxd4 Nf6 5.Nc3 a6 6.Be3 e5 7.Nb3 Be6 8.f3 Be7
9.Qd2 O-O 10.O-O-O Nbd7 11.g4 b5 12.Rg1 Nb6 13.Na5 Nc4 14.Nxc4 bxc4 15.g5 
Nd7 16.Nd5 Bxd5 17.Qxd5 c3 18.b3 Nc5 19.Bc4 Kh8 20.Kb1 Rc8 21.h4 Ne6 22.
Rd3 Nd4 23.Bxd4 exd4 24.Qxd4 d5 25.Qxd5 Qb6 26.Rgd1 Qb4 27.Qd4 Rcd8 28.Bd5
Qxd4 29.Rxd4 f6 30.g6 f5 31.h5 fxe4 32.Bxe4 Rxd4 33.Rxd4 Bf6 34.Rd6 hxg6 
35.hxg6 a5 36.Rd5 Rd8 37.Rxd8+ Bxd8 38.Bd5 Bg5 39.a3 Be7 40.Ka2 Bd6 41.b4 
axb4 42.a4 1-0

[Event "FIDE World Ch (w)"]
[Site "Nalchik RUS"]
[Date "2008.09.07"]
[Round "4.1"]
[White "Mkrtchian, Lilit"]
[Black "Hou Yifan"]
[Result "1/2-1/2"]
[WhiteElo "2436"]
[BlackElo "2557"]
[EventDate "2008.08.29"]
[PlyCount "56"]

1.d4 e6 2.c4 Nf6 3.Nf3 b6 4.a3 Bb7 5.Nc3 d5 6.cxd5 Nxd5 7.Bd2 Nf6 8.Rc1 c5
9.Bf4 a6 10.dxc5 Qxd1+ 11.Rxd1 Bxc5 12.Na4 Nbd7 13.Nxc5 Nxc5 14.Ne5 Nd5 
15.Bd2 b5 16.f3 f6 17.Ng4 Nb3 18.e4 Nxd2 19.Rxd2 Nb6 20.Bd3 Ke7 21.Ke2 
Rac8 22.Ne3 Rhd8 23.Bc2 Rxd2+ 24.Kxd2 Rc7 25.b4 Rd7+ 26.Kc3 Rc7+ 27.Kd2 
Rd7+ 28.Kc3 Rc7+ 1/2-1/2

[Event "FIDE World Ch (w)"]
[Site "Nalchik RUS"]
[Date "2008.09.11"]
[Round "5.2"]
[White "Humpy, Koneru"]
[Black "Hou Yifan"]
[Result "1-0"]
[WhiteElo "2622"]
[BlackElo "2557"]
[EventDate "2008.08.29"]
[PlyCount "71"]

1.Nf3 Nf6 2.c4 c5 3.Nc3 Nc6 4.d4 cxd4 5.Nxd4 g6 6.Nc2 Bg7 7.e4 d6 8.Be2 
O-O 9.O-O Be6 10.b3 a6 11.Rb1 Rb8 12.Bb2 Qa5 13.b4 Qd8 14.f4 b5 15.cxb5 
axb5 16.Kh1 Qd7 17.Qd2 Rfd8 18.Ne3 d5 19.exd5 Nxd5 20.Nexd5 Bxd5 21.Bxb5 
Qb7 22.Nxd5 Qxb5 23.Bxg7 Rxd5 24.Qc3 Rd3 25.Qa1 f6 26.a4 Qd5 27.Bh6 Rxb4 
28.Rxb4 Nxb4 29.f5 g5 30.Qc1 Nc6 31.a5 Rd2 32.Rg1 Nxa5 33.Qc8+ Qd8 34.Qe6+
Kh8 35.Qf7 Qg8 36.Qxe7 1-0